Mechanical metallurgy (Record no. 25704)

000 -LEADER
fixed length control field 00503nam a22001937a 4500
001 - CONTROL NUMBER
control field 25704
003 - CONTROL NUMBER IDENTIFIER
control field BD-DhUET
008 - FIXED-LENGTH DATA ELEMENTS--GENERAL INFORMATION
fixed length control field 150516b xxu||||| |||| 00| 0 eng d
040 ## - CATALOGING SOURCE
Transcribing agency 0
Modifying agency BD-DhUET
082 ## - DEWEY DECIMAL CLASSIFICATION NUMBER
Classification number 669.94
Item number DIE/1961
100 ## - MAIN ENTRY--PERSONAL NAME
Personal name Dieter, E. George
245 ## - TITLE STATEMENT
Title Mechanical metallurgy
250 ## - EDITION STATEMENT
Edition statement 1st ed.
260 ## - PUBLICATION, DISTRIBUTION, ETC. (IMPRINT)
Place of publication, distribution, etc. London
Name of publisher, distributor, etc. McGraw-Hill
Date of publication, distribution, etc. 1961
300 ## - PHYSICAL DESCRIPTION
Extent xix, 615p.
Other physical details ill
490 ## - SERIES STATEMENT
Series statement Metallurgy and metallurgical engineering series
650 #0 - SUBJECT ADDED ENTRY--TOPICAL TERM
Topical term or geographic name as entry element Strength of materials
942 ## - ADDED ENTRY ELEMENTS (KOHA)
Koha item type General Book
Holdings
Location (home branch) Price effective from Lost status Koha item type Piece designation (barcode) Source of classification or shelving scheme Date acquired Koha normalized classification for sorting Withdrawn status Copy number Koha date last seen Not for loan Sublocation or collection (holding branch) Koha full call number Damaged status Shelving location Koha out on loan Koha issues (times borrowed) Koha date last borrowed
Central Library, BUET2015-05-16 General Book7380 2015-05-16669_940000000000000_DIE_1961 12015-05-16 Central Library, BUET669.94/DIE/1961 Circulation section   
Central Library, BUET2015-05-16 General Book20408 2015-05-16669_940000000000000_DIE_1961 22015-05-16 Central Library, BUET669.94/DIE/1961 Circulation section   
Central Library, BUET2015-05-16 General Book11400 2015-05-16669_940000000000000_DIE_1961 32015-05-16 Central Library, BUET669.94/DIE/1961 Circulation section   
Central Library, BUET2015-05-16 General Book31952 2015-05-16669_940000000000000_DIE_1961 42015-05-16 Central Library, BUET669.94/DIE/1961 Circulation section   
Central Library, BUET2015-05-19 General Book31933 2015-05-19669_940000000000000_DIE_1961 52015-05-19 Central Library, BUET669.94/DIE/1961 Circulation section   
Central Library, BUET2015-05-20 General Book54704 2015-05-20669_940000000000000_DIE_1961 62024-05-26 Central Library, BUET669.94/DIE/1961 Circulation section 22024-03-04
Central Library, BUET2015-05-21 General Book24464 2015-05-21669_940000000000000_DIE_1961 72015-05-21 Central Library, BUET669.94/DIE/1961 Circulation section   
Central Library, BUET2015-05-21 General Book20407 2015-05-21669_940000000000000_DIE_1961 82018-10-06 Central Library, BUET669.94/DIE/1961 Circulation section 12018-08-08
Central Library, BUET2015-05-23 General Book31936 2015-05-23669_940000000000000_DIE_1961 92017-03-11 Central Library, BUET669.94/DIE/1961 Circulation section   
Central Library, BUET2015-05-23 General Book31935 2015-05-23669_940000000000000_DIE_1961 102025-04-30 Central Library, BUET669.94/DIE/1961 Circulation section2025-05-1412025-04-30
Central Library, BUET2015-06-17 General Book24463 2015-06-17669_940000000000000_DIE_1961 112015-06-17 Central Library, BUET669.94/DIE/1961 Reading section   
Central Library, BUET2015-06-27 Reading Item36043 2015-06-27669_940000000000000_DIE_1961 122015-06-27 Central Library, BUET669.94/DIE/1961 Reading section